00758nam a2200229 a 4500001001000000005001700010008004100027041000800068044000800076050002200084245008900106250000600195260004100201300004300242440004400285500007100329500006700400500000800467650001400475650001300489700002600502BRCA_672320190320205551.0191011s1889----enk#######---#000-0#eng-# aeng aenk 4aGV703b.S44c188910aAthetics and footballcby Montague Shearman; with numerous engravings by G. Mitchell a3 aLondresbLongmans, Green & Co.c1889 axxiv, 408 p.bil., 5 láminasc20 cm. 0aBadminton library of sport and pastimes aIncluye lista de ilustraciones, apéndice e índice alfabético aEstado físico: presenta humedad y algunas páginas intonsas aI9914aAtletismo14aFútbol1 aMitchell,G.eGrabador